Sports Quiz

Random Sports or World Quiz

Women's World Cup Winners Quiz Stats

 Plays Quiz Updated Jul 6, 2015

Also try: World Cup Winners
Challenge
Share
Tweet
Embed
Score 0/7 Timer 02:00
3 Plays Today
Year Country % Correct
1991USA
95.9%
2015USA
90.6%
1999USA
88.2%
2011Japan
83.5%
2003Germany
78.3%
2007Germany
75.8%
1995Norway
69.2%

You're not logged in!

Compare scores with friends on all Sporcle quizzes.
OR
Log In

You Might Also Like...

Show Comments

Extras

Top Quizzes Today


Score Distribution

Your Account Isn't Verified!

In order to create a playlist on Sporcle, you need to verify the email address you used during registration. Go to your Sporcle Settings to finish the process.

Report this User

Report this user for behavior that violates our Community Guidelines.

Details: